00508nam a2200181 a 4500001001300000003000900013005001700022008004100039020002300080082001800103100002500121245003900146260004500185300000900230500003500239505002700274700002500301nice12345678IN_TiNIC20260116013340.0050524s1986 tria grp 000 0 eng  a8190037501 c40000a954.0359bNAM aNamboodiripad, E M S aHistory of Indian Freedom Struggle aTrivandrumbSocial Scientist Pressc1986 a540p aincludes index and biblioraphy2 aappendix, bibliography1 aNamboodiripad, E M S